000 00669nam a22002417a 4500
003 UA-OsUOA
001 50995
007 ta
008 20071203b un ||||| |||| 00| 0 ukr d
100 _aРудницький М.
090 _a821.161.2
_bР83
942 _cBK
040 _aUA-OsUOA
_bukr
_cUA-OsUOA
_dUA-OsUOA
245 _aЛюбов як виноград
_bЖивоцвіте намисто поезій (1967 - 2007)
300 _a70 с.
955 _a2
041 _aukr
080 _a821.161.2
020 _a966-7358-94-1
260 _aСПб
_c2007
650 7 _a82 Література. Літературознавство
_2UDC
999 _c337089
_d337089